Ed Sheeran - Paroles Shape of You - Statistiques

Statistiques générales
  • Ce quiz a été pris 117 fois
  • Le résultat moyen est 361 sur 496
Statistiques - réponses
Hint Réponse % Correct
I
100%
I)
100%
love
98%
Post-refrain (Oh
98%
oh
98%
you
98%
You
98%
my
94%
shape
94%
Couplet 1 The
94%
the
94%
a
93%
in
91%
Me
91%
me
91%
your
91%
Your
91%
and
90%
And
90%
be
90%
where
89%
with
89%
of
88%
body
87%
go
87%
is
87%
So
87%
so
87%
to
87%
I'm
85%
we
82%
We
82%
Come
80%
Come,
80%
come
80%
like
80%
on
80%
on,
80%
do
78%
want
77%
friends
76%
place
72%
too
72%
Pré-refait Girl,
71%
best
70%
night
68%
were
68%
We're
68%
bar
67%
now
67%
now,
67%
room
67%
know
66%
find
65%
last
65%
club
63%
smell
63%
talk
63%
isn't
62%
then
62%
follow
61%
magnet
61%
somebody
61%
something
61%
at
60%
Every
60%
new
60%
push
60%
baby,
59%
lead
59%
brand
57%
don't
57%
for
57%
pull
57%
slow
57%
that
57%
heart
56%
table
56%
boy,
55%
doing
55%
lover
55%
crazy,
54%
let
54%
much
54%
not
54%
day
52%
falling
52%
hand,
52%
discovering
51%
put
51%
may
50%
mind
50%
shots
50%
let's
49%
Say,
49%
was
48%
dance,
46%
give
46%
it
46%
bedsheets
45%
Grab
41%
jukebox
41%
start
41%
Take
41%
play,
40%
singing
40%
taxi,
40%
trust
40%
chance
39%
I'll
39%
stop,
39%
waist
39%
are
38%
conversation
38%
over
38%
first
37%
Man
37%
date
35%
fast
35%
Although
34%
Drinking
34%
kiss
34%
up
34%
okay
33%
our
33%
all
32%
handmade
32%
radio
32%
begin
30%
hours
30%
how
30%
going
29%
make
29%
can
28%
get
27%
just
27%
out
27%
story
27%
sweet
27%
backseat
24%
family
23%
about
22%
Couplet 2 One
21%
sour
21%
driver
18%
Tell
18%
eat
17%
Van
17%
Fill
16%
fill
16%
plate
16%
week
16%
bag
13%
leave
12%
thrifty,
11%
Aucun quiz correspondant
Distribution des résultats
% des personnes avec chaque résultat
Percentile par nombre de réponses
Votre historique - résultats
Vous n’avez pas pris ce quiz